MARC

LEADER 00000nam0a2200000 4500
001 125897
005 20231101215948.0
035 |a (RuTPU)RU\TPU\book\136213 
090 |a 125897 
100 |a 20071121d1965 km y0rusy50 ca 
101 0 |a rus 
102 |a RU 
105 |a af z 000zy 
200 1 |a Коллекторы нефти и газа  |f Всесоюзный научно-исследовательский институт организации, управления и экономики нефтегазовой промышленности ; под ред. И. А. Конюхова 
210 |a Москва  |c ВНИИОЭНГ  |d 1965 
215 |a 84 с.  |c ил. 
225 1 |a Нефтегазовая геология и геофизика 
610 1 |a коллекторы 
610 1 |a нефть 
610 1 |a газ 
610 1 |a нефтяные пласты 
610 1 |a газовые пласты 
610 1 |a формирование 
610 1 |a изменение 
675 |a 552.1  |v 3 
675 |a 553.98  |v 3 
702 1 |a Конюхов  |b И. А.  |4 340 
712 0 2 |a Всесоюзный научно-исследовательский институт организации, управления и экономики нефтегазовой промышленности  |2 stltpush  |3 (RuTPU)RU\TPU\col\7962  |9 24439 
801 1 |a RU  |b 63413507  |c 20071121  |g PSBO 
801 2 |a RU  |b 63413507  |c 20080929  |g PSBO 
942 |c BK